[Event "IV Festival Magistrale"]
[Site "Robecchetto con Induno ITA"]
[Date "1992.12.??"]
[Round "1"]
[White "Barlocco, Carlo"]
[Black "Quagliarella, Sabino Remo"]
[WhiteElo "2340"]
[BlackElo "1868"]
[Result "1-0"]
[PlyCount "151"]
[EventDate "1992.12.26"]

1. Nf3 d5 2. d4 Nf6 3. g3 g6 4. Bg2 Bg7 5. O-O O-O 6. c4 c6 7. Nc3 Nbd7 8. cxd5
cxd5 9. Bf4 a6 10. Qb3 Qb6 11. Nxd5 Nxd5 12. Qxd5 Qxb2 13. Qc4 Qb5 14. Qxb5
axb5 15. Rfb1 Ra5 16. Bd2 Ra4 17. e3 e5 18. Bb4 Re8 19. Bf1 exd4 20. exd4 b6
21. Bxb5 Ra7 22. Re1 Rxe1+ 23. Rxe1 Nf6 24. a4 Be6 25. Rc1 Nd5 26. Bd6 f6 27.
Ne1 Bf8 28. Bxf8 Kxf8 29. Nd3 Rc7 30. Rxc7 Nxc7 31. Bc6 Ke7 32. f4 Kd6 33. Nb4
Nd5 34. Nxd5 Bxd5 35. Bb5 Bb3 36. Kf2 h5 37. Ke3 g5 38. fxg5 fxg5 39. h4 gxh4
40. gxh4 Bd1 41. Be2 Bxa4 42. Bxh5 Bc2 43. Bf7 Ke7 44. Bc4 Bg6 45. Bd3 Be8 46.
Be2 Kf6 47. Bg4 Bc6 48. Kf4 b5 49. Ke3 b4 50. Kd3 Bd5 51. Bd7 Kg6 52. Be8+ Kf6
53. Bb5 Kf5 54. Bc4 Bc6 55. Bf7 Bb5+ 56. Ke3 Ba4 57. h5 Kg5 58. Bg6 b3 59. Kd2
b2 60. Kc3 b1=Q 61. Bxb1 Kxh5 62. d5 Kg5 63. Kb4 Bd1 64. Kc5 Kf6 65. d6 Ke5 66.
Ba2 Ba4 67. Bd5 Bd7 68. Bc6 Ke6 69. Bf3 Ke5 70. Bg2 Kf6 71. Kb6 Ke5 72. Kc7 Bg4
73. Bc6 Bf5 74. Bd7 Bc2 75. Bg4 Ba4 76. Bf3 1-0

[Event "IV Festival Magistrale"]
[Site "Robecchetto con Induno ITA"]
[Date "1992.12.??"]
[Round "1"]
[White "Bellini, Fabio"]
[Black "Iudicello, Marco"]
[WhiteElo "2340"]
[BlackElo "1995"]
[Result "1-0"]
[PlyCount "69"]
[EventDate "1992.12.26"]

1. e4 c5 2. Nf3 d6 3. d4 cxd4 4. Nxd4 Nf6 5. Nc3 g6 6. Be3 Bg7 7. f3 Nc6 8. Qd2
O-O 9. O-O-O Bd7 10. h4 Rc8 11. h5 Ne5 12. hxg6 fxg6 13. Nd5 e6 14. Nxf6+ Qxf6
15. Bg5 Qf7 16. Bh6 Rc7 17. Bxg7 Qxg7 18. Qb4 Rfc8 19. Rd2 d5 20. exd5 exd5 21.
Be2 Nc4 22. Bxc4 Rxc4 23. Qd6 Qf7 24. Re1 Re8 25. Rxe8+ Bxe8 26. c3 Qd7 27. Qf6
Qf7 28. Qe5 Rc7 29. Re2 Bc6 30. Qd6 Qd7 31. Qf6 a6 32. Re6 Qf7 33. Qe5 Qg7 34.
Nxc6 Qh6+ 35. Kc2 1-0

[Event "IV Festival Magistrale"]
[Site "Robecchetto con Induno ITA"]
[Date "1992.12.??"]
[Round "1"]
[White "Larghi, Riccardo"]
[Black "Muraro, Alberto"]
[WhiteElo "1986"]
[BlackElo "1963"]
[Result "1-0"]
[PlyCount "81"]
[EventDate "1992.12.26"]

1. e4 e5 2. Nf3 Nf6 3. d4 Nxe4 4. Bd3 d5 5. Nxe5 Bd6 6. O-O O-O 7. c4 Bxe5 8.
dxe5 Nc6 9. Bf4 Be6 10. Qh5 Nb4 11. Bxe4 dxe4 12. Nc3 Bxc4 13. Rfd1 Nd3 14. Bg5
Qd4 15. Be3 Qxe5 16. Qxe5 Nxe5 17. Nxe4 h6 18. h3 Bb5 19. Rd5 Nc4 20. Rxb5 Nxe3
21. fxe3 Rfe8 22. Nc3 b6 23. e4 g6 24. Rd5 Re7 25. Rad1 c6 26. Rd8+ Rxd8 27.
Rxd8+ Kg7 28. Rd6 c5 29. Kf2 b5 30. Nxb5 Rxe4 31. b3 a5 32. Ra6 c4 33. bxc4
Rxc4 34. Rxa5 Rc5 35. a4 Kf6 36. Ra7 Ke6 37. Rc7 Rf5+ 38. Kg1 Kf6 39. Rxf7+
Kxf7 40. Nd6+ Ke6 41. Nxf5 1-0

[Event "IV Festival Magistrale"]
[Site "Robecchetto con Induno ITA"]
[Date "1992.12.??"]
[Round "1"]
[White "Marelli, Mauro"]
[Black "Piotti, Andrea"]
[WhiteElo "1950"]
[BlackElo "1908"]
[Result "1/2-1/2"]
[PlyCount "48"]
[EventDate "1992.12.26"]

1. d4 d5 2. Nf3 Nf6 3. e3 Bg4 4. h3 Bh5 5. g4 Bg6 6. Ne5 e6 7. Nd2 Nbd7 8. Nxg6
hxg6 9. Bg2 c5 10. c3 Qc7 11. dxc5 Nxc5 12. Qe2 Be7 13. Nb3 a6 14. Nxc5 Qxc5
15. Bd2 Ne4 16. Qd3 f5 17. Qe2 Qb6 18. O-O-O Nd6 19. Kb1 Bf6 20. Ka1 Nc4 21.
Be1 Rc8 22. Rc1 Rc5 23. Qc2 Kf7 24. gxf5 gxf5 1/2-1/2

[Event "IV Festival Magistrale"]
[Site "Robecchetto con Induno ITA"]
[Date "1992.12.??"]
[Round "2"]
[White "Iudicello, Marco"]
[Black "Larghi, Riccardo"]
[WhiteElo "1995"]
[BlackElo "1986"]
[Result "1-0"]
[PlyCount "123"]
[EventDate "1992.12.26"]

1. e4 e5 2. Nf3 Nc6 3. Bc4 Nf6 4. Nc3 Nxe4 5. Bxf7+ Kxf7 6. Nxe4 Be7 7. d4 d5
8. Ng3 e4 9. Ng5+ Bxg5 10. Qh5+ g6 11. Qxg5 Qxg5 12. Bxg5 Nxd4 13. O-O-O Ne6
14. Rxd5 Nxg5 15. Rxg5 b6 16. Nxe4 Bb7 17. Nc3 Rhe8 18. Rd1 Re7 19. Nd5 Rd7 20.
Ne3 Rad8 21. Rg4 h6 22. Rxd7+ Rxd7 23. g3 c5 24. Nc4 Kg7 25. Ne5 Rd6 26. Ra4 a6
27. Rf4 Bd5 28. b3 Re6 29. Nd3 Bc6 30. h4 Bd5 31. Kd2 Bc6 32. a3 Rd6 33. Kc3 g5
34. hxg5 hxg5 35. Rf5 Kg6 36. Re5 Kf6 37. f4 gxf4 38. gxf4 Rd4 39. Rh5 Kg6 40.
Rg5+ Kf6 41. Rg8 Bb5 42. Rb8 Rd6 43. Ne5 Be2 44. Rxb6 Rxb6 45. Nd7+ Kf5 46.
Nxb6 Kxf4 47. Nd7 Ke4 48. Nxc5+ Kd5 49. Nd3 Bf1 50. Kd2 a5 51. c3 a4 52. b4 Kc4
53. Nc5 Kb5 54. Ne6 Kc4 55. Nc5 Kb5 56. Kc2 Bc4 57. Kd2 Bf1 58. Ke3 Bh3 59. Kd4
Bf1 60. Ne4 Be2 61. c4+ Kc6 62. Nc5 1-0

[Event "IV Festival Magistrale"]
[Site "Robecchetto con Induno ITA"]
[Date "1992.12.??"]
[Round "2"]
[White "Muraro, Alberto"]
[Black "Marelli, Mauro"]
[WhiteElo "1963"]
[BlackElo "1950"]
[Result "0-1"]
[PlyCount "118"]
[EventDate "1992.12.26"]

1. e4 d5 2. exd5 Qxd5 3. Nc3 Qd6 4. Nf3 Nf6 5. Bc4 Bg4 6. O-O e6 7. d3 c6 8.
Bg5 Nbd7 9. Bh4 Qc7 10. Re1 Bd6 11. h3 Bxf3 12. Qxf3 h6 13. Ne4 Nxe4 14. Qxe4
g5 15. Bxe6 O-O-O 16. Bxd7+ Rxd7 17. Bg3 Bxg3 18. fxg3 Qxg3 19. Re3 Qd6 20.
Rae1 Rf8 21. Qf5 Kd8 22. Kh1 b6 23. a4 Qd4 24. c3 Qxa4 25. Qf6+ Kc7 26. Re7
Rfd8 27. Rxf7 Rxf7 28. Qxf7+ Rd7 29. Re7 Qd1+ 30. Kh2 Qxd3 31. Qe6 Qd6+ 32.
Qxd6+ Kxd6 33. Re2 Re7 34. Rd2+ Kc5 35. Kg3 Re4 36. Kf3 Rf4+ 37. Ke3 a5 38. g3
Rf1 39. Rh2 Kc4 40. h4 g4 41. Ke4 Rf3 42. Rd2 Kc5 43. Rd4 Rxg3 44. Kf5 Rg2 45.
b4+ axb4 46. Rxb4 Rg3 47. Rxg4 Rxc3 48. Kg6 b5 49. Kxh6 b4 50. Kg7 Rh3 51. Rg5+
Kc4 52. h5 c5 53. h6 b3 54. h7 Kb4 55. Rg6 Rxh7+ 56. Kxh7 c4 57. Rb6+ Ka3 58.
Ra6+ Kb2 59. Kg6 c3 0-1

[Event "IV Festival Magistrale"]
[Site "Robecchetto con Induno ITA"]
[Date "1992.12.??"]
[Round "2"]
[White "Quagliarella, Sabino Remo"]
[Black "Piotti, Andrea"]
[WhiteElo "1868"]
[BlackElo "1908"]
[Result "0-1"]
[PlyCount "110"]
[EventDate "1992.12.26"]

1. e4 e5 2. Nf3 Nf6 3. Nxe5 d6 4. Nf3 Nxe4 5. d3 Nf6 6. Be2 d5 7. O-O Be7 8. h3
c5 9. Bf4 Nc6 10. c3 d4 11. Qc2 O-O 12. Nbd2 Be6 13. a4 Nd5 14. Bg3 Bf5 15. Nc4
Bf6 16. Nfe5 Nxe5 17. Bxe5 Bxe5 18. Nxe5 Qf6 19. cxd4 cxd4 20. Ng4 Qg6 21. Qd2
Rfe8 22. Bf3 h5 23. Bxd5 hxg4 24. hxg4 Bxd3 25. Rfe1 Qa6 26. Bxb7 Qxb7 27. Qxd3
Qxb2 28. Red1 Rad8 29. Rab1 Qc3 30. Kf1 Qc7 31. g3 Qd7 32. Qf3 Qxa4 33. Rb7 Rd7
34. Rb3 Qc4+ 35. Rbd3 Red8 36. Kg1 Rd6 37. g5 Qc5 38. Qf4 Rd5 39. Rc1 Qd6 40.
Qh4 Qg6 41. Rcd1 Qxg5 42. Qxg5 Rxg5 43. Rxd4 Rxd4 44. Rxd4 Ra5 45. Kg2 Kf8 46.
Kf3 Ke7 47. Ke4 Ke6 48. Kd3 Rd5 49. Kc4 Rxd4+ 50. Kxd4 Kf5 51. f3 g5 52. Kd5 f6
53. Kd6 a5 54. Kc5 g4 55. f4 Ke4 0-1

[Event "IV Festival Magistrale"]
[Site "Robecchetto con Induno ITA"]
[Date "1992.12.??"]
[Round "3"]
[White "Bellini, Fabio"]
[Black "Quagliarella, Sabino Remo"]
[WhiteElo "2340"]
[BlackElo "1868"]
[Result "1-0"]
[PlyCount "29"]
[EventDate "1992.12.26"]

1. e4 d5 2. exd5 Nf6 3. d4 Nxd5 4. c4 Nf6 5. Nf3 e6 6. Nc3 Be7 7. Bd3 Nc6 8.
Bc2 Nb4 9. Ba4+ Bd7 10. a3 Na6 11. Bc2 c6 12. O-O Qa5 13. Re1 Qh5 14. Re5 Qg4
15. h3 1-0

[Event "IV Festival Magistrale"]
[Site "Robecchetto con Induno ITA"]
[Date "1992.12.??"]
[Round "3"]
[White "Larghi, Riccardo"]
[Black "Barlocco, Carlo"]
[WhiteElo "1986"]
[BlackElo "2340"]
[Result "0-1"]
[PlyCount "74"]
[EventDate "1992.12.26"]

1. e4 d6 2. d4 Nf6 3. Nc3 e5 4. dxe5 dxe5 5. Qxd8+ Kxd8 6. Bg5 Be6 7. O-O-O+
Nbd7 8. Nf3 Bd6 9. Bb5 Kc8 10. a3 a6 11. Bxd7+ Nxd7 12. Be3 f6 13. Nd5 Nc5 14.
Nb6+ cxb6 15. Rxd6 Re8 16. Rxb6 Nxe4 17. Rd1 Kc7 18. Ng1 Rac8 19. f3 Ng5 20.
Ne2 Bf5 21. Nc3 Nf7 22. h4 h5 23. Ne4 Bxe4 24. fxe4 Red8 25. Rb3 Rxd1+ 26. Kxd1
Nd6 27. Bb6+ Kd7 28. Rb4 Rc4 29. Ba5 Rxe4 30. Rb6 Rxh4 31. b3 Rd4+ 32. Ke2 Rd5
33. Bb4 Kc7 34. c4 Rd4 35. c5 Nc8 36. Re6 Kd7 37. c6+ bxc6 0-1

[Event "IV Festival Magistrale"]
[Site "Robecchetto con Induno ITA"]
[Date "1992.12.??"]
[Round "3"]
[White "Marelli, Mauro"]
[Black "Iudicello, Marco"]
[WhiteElo "1950"]
[BlackElo "1995"]
[Result "1/2-1/2"]
[PlyCount "93"]
[EventDate "1992.12.26"]

1. d4 e6 2. c4 f5 3. Nf3 Nf6 4. Nc3 d5 5. Bg5 Be7 6. e3 O-O 7. Ne5 c6 8. Be2
Ne4 9. Bxe7 Qxe7 10. O-O Nd7 11. Nxd7 Bxd7 12. f4 Rf6 13. Nxe4 fxe4 14. c5 Rh6
15. Rf2 Rf8 16. Qd2 Rff6 17. g3 Rfg6 18. Raf1 Rh3 19. Rg2 h5 20. Qd1 Rh6 21.
Qd2 Be8 22. b4 a6 23. a4 Rg6 24. Rb1 e5 25. dxe5 Bd7 26. Rf1 Bf5 27. Qd4 Qd7
28. Qd1 Rh6 29. Kf2 Qe7 30. Qd4 Re6 31. Kg1 Rg6 32. Qd1 Bg4 33. f5 Rg5 34. Bxg4
hxg4 35. Qd4 Rhh5 36. Rgf2 Qf8 37. e6 Qf6 38. Qxf6 gxf6 39. b5 axb5 40. axb5
cxb5 41. Rb1 Rxf5 42. Rxf5 Rxf5 43. Rxb5 Re5 44. Rxb7 Rxe6 45. Rd7 Rc6 46. Rxd5
Kf7 47. Rd4 1/2-1/2

[Event "IV Festival Magistrale"]
[Site "Robecchetto con Induno ITA"]
[Date "1992.12.??"]
[Round "3"]
[White "Piotti, Andrea"]
[Black "Muraro, Alberto"]
[WhiteElo "1908"]
[BlackElo "1963"]
[Result "0-1"]
[PlyCount "78"]
[EventDate "1992.12.26"]

1. d4 d5 2. Nf3 Nf6 3. c4 e6 4. Nc3 Be7 5. Bg5 O-O 6. e3 b6 7. Bd3 Bb7 8. cxd5
Nxd5 9. Bxe7 Qxe7 10. O-O c5 11. Rc1 cxd4 12. Nxd4 Nd7 13. Ne4 f5 14. Ng3 f4
15. exf4 Nxf4 16. Be4 Nc5 17. Bxb7 Qxb7 18. Nf3 Rad8 19. Qc2 Nxg2 20. Ng5 g6
21. b4 Nf4 22. f3 Qd5 23. bxc5 Qxg5 24. c6 Rd2 25. Qxd2 Nh3+ 26. Kg2 Qxd2+ 27.
Kxh3 Rc8 28. Rfd1 Qf4 29. Kg2 h5 30. Ne4 h4 31. Rc3 h3+ 32. Kxh3 Rxc6 33. Rd8+
Kg7 34. Rcd3 Rc7 35. Kg2 Rc2+ 36. Kf1 Qc1+ 37. Rd1 Qb2 38. R8d7+ Kh6 39. Nd2
Qb5+ 0-1

[Event "IV Festival Magistrale"]
[Site "Robecchetto con Induno ITA"]
[Date "1992.12.??"]
[Round "4"]
[White "Barlocco, Carlo"]
[Black "Marelli, Mauro"]
[WhiteElo "2340"]
[BlackElo "1950"]
[Result "0-1"]
[PlyCount "112"]
[EventDate "1992.12.26"]

1. Nf3 Nf6 2. g3 g6 3. Bg2 Bg7 4. O-O O-O 5. c4 c6 6. d4 d5 7. Qb3 e6 8. Nc3
Nbd7 9. a4 a5 10. Rd1 Nb6 11. cxd5 exd5 12. Ne5 Be6 13. Nd3 Re8 14. Nc5 Bc8 15.
Bg5 h6 16. Bf4 Nh5 17. Bc1 f5 18. e4 fxe4 19. N3xe4 Nd7 20. Nxd7 Qxd7 21. Be3
Kh7 22. Nc5 Qc7 23. Rac1 Qf7 24. Qb6 Bf6 25. Qb3 Ng7 26. Ne4 Be7 27. Bf4 Qf8
28. Nd2 Bf6 29. Nf3 Ne6 30. Be5 Ng5 31. Bxf6 Qxf6 32. Nxg5+ hxg5 33. Rc3 Re7
34. Re3 Bf5 35. Rde1 Rae8 36. Rxe7+ Rxe7 37. Re3 Rf7 38. Re5 Re7 39. f4 gxf4
40. gxf4 Rxe5 41. fxe5 Qh4 42. Qe3 Kg7 43. h3 Kf7 44. Kf1 Ke6 45. Ke2 Qh5+ 46.
Kd2 Qh4 47. Kc3 Qd8 48. Kb3 Qb6+ 49. Ka2 Qb4 50. b3 b5 51. Qg5 bxa4 52. Qf6+
Kd7 53. Qf7+ Kc8 54. Qg8+ Kc7 55. Qf7+ Kb6 56. Bxd5 Qd2+ 0-1

[Event "IV Festival Magistrale"]
[Site "Robecchetto con Induno ITA"]
[Date "1992.12.??"]
[Round "4"]
[White "Bellini, Fabio"]
[Black "Larghi, Riccardo"]
[WhiteElo "2340"]
[BlackElo "1986"]
[Result "1-0"]
[PlyCount "63"]
[EventDate "1992.12.26"]

1. e4 e5 2. Nf3 Nc6 3. Bc4 Nf6 4. d4 exd4 5. Ng5 Ne5 6. Bb3 h6 7. f4 hxg5 8.
fxe5 Nxe4 9. Qxd4 Nc5 10. Nc3 Nxb3 11. axb3 d5 12. Qxd5 Be7 13. Be3 c6 14.
Qxd8+ Bxd8 15. O-O-O O-O 16. Ne4 Bc7 17. Bd4 Bg4 18. Rde1 Rad8 19. Bc3 Rd5 20.
h3 Bh5 21. g4 Bg6 22. Nxg5 Re8 23. Nf3 a5 24. Re2 b5 25. Rhe1 c5 26. h4 b4 27.
Bd2 Red8 28. h5 Bh7 29. e6 fxe6 30. Rxe6 Kf8 31. Ng5 Bg8 32. Rf1+ 1-0

[Event "IV Festival Magistrale"]
[Site "Robecchetto con Induno ITA"]
[Date "1992.12.??"]
[Round "4"]
[White "Iudicello, Marco"]
[Black "Piotti, Andrea"]
[WhiteElo "1995"]
[BlackElo "1908"]
[Result "1-0"]
[PlyCount "69"]
[EventDate "1992.12.26"]

1. e4 e5 2. Nf3 Nf6 3. Nc3 Nc6 4. Bc4 Bb4 5. O-O O-O 6. d3 d6 7. h3 Bxc3 8.
bxc3 Na5 9. Bb3 c5 10. Bg5 Bd7 11. Bd5 h6 12. Bh4 Nc6 13. Qd2 Qe7 14. Rab1 Rab8
15. d4 cxd4 16. cxd4 b6 17. dxe5 Nxe5 18. Nxe5 dxe5 19. Rb3 Be6 20. Re1 Bxd5
21. exd5 Qd6 22. c4 Rbc8 23. Rf3 Nd7 24. Qe2 Qb4 25. Rc1 f5 26. Rg3 e4 27. Qh5
Qd2 28. Rd1 Qf4 29. Rg6 e3 30. fxe3 Qxe3+ 31. Bf2 Qf4 32. g3 Qc7 33. d6 Qxc4
34. Qxh6 Rf7 35. Bd4 1-0

[Event "IV Festival Magistrale"]
[Site "Robecchetto con Induno ITA"]
[Date "1992.12.??"]
[Round "4"]
[White "Quagliarella, Sabino Remo"]
[Black "Muraro, Alberto"]
[WhiteElo "1868"]
[BlackElo "1963"]
[Result "1-0"]
[PlyCount "116"]
[EventDate "1992.12.26"]

1. e4 e5 2. Nf3 Nf6 3. Nc3 Nc6 4. Bc4 Be7 5. d3 O-O 6. O-O d6 7. h3 Na5 8. Bb3
Nxb3 9. axb3 Re8 10. Be3 Bd7 11. Nd2 Bc6 12. f4 Bf8 13. fxe5 dxe5 14. Bg5 Bc5+
15. Kh1 Re6 16. Nd5 Bxd5 17. exd5 Qxd5 18. Bxf6 Rxf6 19. Rxf6 gxf6 20. Ne4 Be7
21. Qf3 Qe6 22. Rf1 Rd8 23. Qh5 Kh8 24. Rf5 Rg8 25. Qf3 Rg6 26. h4 Qa6 27. Kh2
Qa1 28. Nxf6 Qxb2 29. Nd5 Bxh4 30. Rxf7 Bg3+ 31. Kh3 Qc1 32. Rf8+ Kg7 33. Rg8+
Kxg8 34. Ne7+ Kg7 35. Nxg6 hxg6 36. Kxg3 Qg5+ 37. Kh2 Qh5+ 38. Kg3 Qxf3+ 39.
Kxf3 Kf6 40. Ke4 Ke6 41. d4 exd4 42. Kxd4 Kf5 43. Kd5 g5 44. c4 Kf4 45. Ke6 g4
46. Kd7 c5 47. Kc7 Kg3 48. Kxb7 Kxg2 49. Kxa7 Kf3 50. Kb6 g3 51. Kxc5 g2 52. b4
g1=Q+ 53. Kb5 Ke4 54. c5 Kd5 55. Kb6 Qd4 56. Kb5 Qc4+ 57. Ka5 Kc6 58. Ka4 Qa2#
1-0

[Event "IV Festival Magistrale"]
[Site "Robecchetto con Induno ITA"]
[Date "1992.12.??"]
[Round "5"]
[White "Larghi, Riccardo"]
[Black "Quagliarella, Sabino Remo"]
[WhiteElo "1986"]
[BlackElo "1868"]
[Result "0-1"]
[PlyCount "74"]
[EventDate "1992.12.26"]

1. e4 e5 2. Nc3 Nc6 3. g3 Nf6 4. Bg2 Bb4 5. Nge2 d6 6. O-O O-O 7. d3 h6 8. a3
Bc5 9. d4 Bb6 10. Na4 Be6 11. Nxb6 axb6 12. c4 Nb4 13. Bxh6 Nd3 14. Bxg7 Kxg7
15. Qxd3 Rh8 16. h4 Qd7 17. f4 Bg4 18. Nc3 Bh3 19. fxe5 dxe5 20. Qf3 Rh6 21.
Rad1 Bxg2 22. Kxg2 Qg4 23. Nd5 Qxe4 24. Qxe4 Nxe4 25. Rde1 Nd2 26. Rf5 Nxc4 27.
Ref1 f6 28. Kh3 c6 29. Nc7 Rxa3 30. Rxf6 Rxf6 31. Ne8+ Kf7 32. Nxf6 Nd2 33. Rf2
Rf3 34. Rxd2 Kxf6 35. Kg4 Rf1 36. h5 e4 37. h6 Kg6 0-1

[Event "IV Festival Magistrale"]
[Site "Robecchetto con Induno ITA"]
[Date "1992.12.??"]
[Round "5"]
[White "Marelli, Mauro"]
[Black "Bellini, Fabio"]
[WhiteElo "1950"]
[BlackElo "2340"]
[Result "0-1"]
[PlyCount "114"]
[EventDate "1992.12.26"]

1. d4 Nf6 2. c4 e6 3. Nf3 d5 4. Bg5 Nbd7 5. e3 c6 6. Nc3 Qa5 7. Bxf6 Nxf6 8.
Nd2 Be7 9. a3 O-O 10. Bd3 Qd8 11. O-O c5 12. Nf3 cxd4 13. exd4 dxc4 14. Bxc4
Qd6 15. Qd3 a6 16. Ne4 Nxe4 17. Qxe4 Bf6 18. Rfd1 Rb8 19. Ne5 b5 20. Be2 Bb7
21. Qe3 Rfd8 22. Rac1 Rbc8 23. Rxc8 Rxc8 24. h3 Rd8 25. b4 g6 26. Bf3 Bxf3 27.
Nxf3 Qd5 28. Rc1 Bxd4 29. Nxd4 Qxd4 30. Qxd4 Rxd4 31. Rc6 a5 32. bxa5 Ra4 33.
a6 Rxa3 34. Kf1 Ra2 35. Ke1 Kg7 36. Rb6 Kf6 37. Rxb5 Rxa6 38. Ke2 g5 39. Rb3
Ra4 40. Kf3 Rf4+ 41. Ke3 h5 42. Rb8 h4 43. Rb6 Ra4 44. Kf3 Kf5 45. Rb3 Rd4 46.
Ra3 Rd1 47. Rb3 f6 48. Ke2 Rg1 49. Kf3 Rd1 50. Rb5+ e5 51. Ra5 Rb1 52. Rc5 Rb3+
53. Ke2 Kf4 54. Rc4+ e4 55. Rc6 Rb2+ 56. Kf1 Rb1+ 57. Ke2 f5 0-1

[Event "IV Festival Magistrale"]
[Site "Robecchetto con Induno ITA"]
[Date "1992.12.??"]
[Round "5"]
[White "Muraro, Alberto"]
[Black "Iudicello, Marco"]
[WhiteElo "1963"]
[BlackElo "1995"]
[Result "1/2-1/2"]
[PlyCount "79"]
[EventDate "1992.12.26"]

1. e4 c5 2. Nf3 d6 3. d4 cxd4 4. Nxd4 Nf6 5. Nc3 g6 6. Be3 Bg7 7. f3 O-O 8. Bc4
Nc6 9. Qd2 Bd7 10. O-O-O Rc8 11. Bb3 Ne5 12. h4 Nc4 13. Bxc4 Rxc4 14. h5 Qa5
15. Kb1 Rfc8 16. hxg6 fxg6 17. Rh4 Rxc3 18. bxc3 Qa3 19. Nb3 b5 20. e5 dxe5 21.
Qc1 Qa6 22. Nc5 Qc6 23. Nxd7 Nxd7 24. Qa3 Bf6 25. Qb3+ e6 26. Rhh1 Nf8 27. Bxa7
Qa6 28. Be3 Rc4 29. Bh6 e4 30. Bxf8 Rxc3 31. Qb4 Rxc2 32. Kxc2 Qxa2+ 33. Kc1
Bg5+ 34. Rd2 Qa1+ 35. Kc2 Qxh1 36. Qc3 Kxf8 37. Qh8+ Kf7 38. f4 e3 39. fxg5
exd2 40. Qf6+ 1/2-1/2

[Event "IV Festival Magistrale"]
[Site "Robecchetto con Induno ITA"]
[Date "1992.12.??"]
[Round "5"]
[White "Piotti, Andrea"]
[Black "Barlocco, Carlo"]
[WhiteElo "1908"]
[BlackElo "2340"]
[Result "0-1"]
[PlyCount "98"]
[EventDate "1992.12.26"]

1. d4 d5 2. Nf3 Bf5 3. c4 c6 4. Nc3 e6 5. Bf4 Nf6 6. e3 Be7 7. Bd3 Bg6 8. O-O
Nbd7 9. Re1 O-O 10. Bxg6 hxg6 11. cxd5 cxd5 12. Bg5 Qb6 13. Ne5 Bb4 14. Nxd7
Nxd7 15. Qd3 Rfc8 16. e4 Rc4 17. Rad1 Bxc3 18. bxc3 Rac8 19. exd5 exd5 20. Qf3
Qc6 21. Re7 Nf6 22. Bd2 Re8 23. Rde1 Rxe7 24. Rxe7 Ra4 25. h3 Rxa2 26. Qf4 Qc8
27. g4 g5 28. Qxg5 Rb2 29. Be3 Qxc3 30. Qf5 Kf8 31. Qe5 Rb1+ 32. Kg2 Qe1 33.
Kg3 Qh1 34. f3 Qe1+ 35. Kf4 Qh4 36. Rc7 Kg8 37. Rc8+ Kh7 38. Qf5+ g6 39. Qxb1
Nh5+ 40. Ke5 Qe7+ 41. Kxd5 Qe6+ 42. Kc5 Qxc8+ 43. Kb4 Nf6 44. Qc1 Nd5+ 45. Ka3
Qe6 46. Bh6 Qa6+ 47. Kb2 Qb5+ 48. Kc2 Nb4+ 49. Kd1 Qf1+ 0-1

[Event "IV Festival Magistrale"]
[Site "Robecchetto con Induno ITA"]
[Date "1992.12.??"]
[Round "6"]
[White "Barlocco, Carlo"]
[Black "Muraro, Alberto"]
[WhiteElo "2340"]
[BlackElo "1963"]
[Result "1-0"]
[PlyCount "60"]
[EventDate "1992.12.26"]

1. e4 e5 2. Nc3 Nf6 3. Bc4 Bc5 4. d3 d6 5. Nf3 O-O 6. Bg5 Be6 7. Bb3 Nbd7 8.
O-O Re8 9. Ne2 h6 10. Bd2 Bg4 11. Ng3 Nh5 12. Nxh5 Bxh5 13. h3 Nf8 14. g4 Bg6
15. Kg2 Ne6 16. Kg3 c6 17. Nh4 Nf4 18. Qf3 d5 19. Nxg6 fxg6 20. Bxf4 exf4+ 21.
Kg2 Kh7 22. exd5 cxd5 23. Bxd5 Qb6 24. b3 Qf6 25. Bxb7 Rab8 26. Be4 Rb6 27.
Rac1 Bd4 28. c4 a5 29. c5 Rb4 30. c6 a4 1-0

[Event "IV Festival Magistrale"]
[Site "Robecchetto con Induno ITA"]
[Date "1992.12.??"]
[Round "6"]
[White "Bellini, Fabio"]
[Black "Piotti, Andrea"]
[WhiteElo "2340"]
[BlackElo "1908"]
[Result "1/2-1/2"]
[PlyCount "76"]
[EventDate "1992.12.26"]

1. e4 e5 2. Nf3 Nf6 3. Nc3 Nc6 4. Bb5 Bb4 5. O-O d6 6. d3 O-O 7. Bg5 Bxc3 8.
bxc3 Ne7 9. Bxf6 gxf6 10. Nh4 Ng6 11. Nxg6 hxg6 12. f4 f5 13. fxe5 dxe5 14.
exf5 Bxf5 15. Bc4 e4 16. dxe4 Bxe4 17. Qg4 Qe7 18. Rae1 Qc5+ 19. Kh1 Qxc4 20.
Qxe4 Qxe4 21. Rxe4 Rfe8 22. Rfe1 Rxe4 23. Rxe4 Rd8 24. h4 Kf8 25. Rd4 Ke7 26.
Rxd8 Kxd8 27. g4 Ke7 28. Kg2 Kf6 29. a4 Ke5 30. Kg3 c6 31. a5 b5 32. Kf3 a6 33.
Ke3 f6 34. Kf3 c5 35. Ke3 f5 36. gxf5 Kxf5 37. Kf3 b4 38. c4 Ke5 1/2-1/2

[Event "IV Festival Magistrale"]
[Site "Robecchetto con Induno ITA"]
[Date "1992.12.??"]
[Round "6"]
[White "Larghi, Riccardo"]
[Black "Marelli, Mauro"]
[WhiteElo "1986"]
[BlackElo "1950"]
[Result "0-1"]
[PlyCount "110"]
[EventDate "1992.12.26"]

1. e4 d5 2. exd5 Qxd5 3. Nc3 Qd6 4. d4 Nf6 5. Bc4 c6 6. Nge2 Bf5 7. O-O e6 8.
Bf4 Qd8 9. Ng3 Bg6 10. Re1 Be7 11. Nce4 Nxe4 12. Nxe4 O-O 13. c3 Nd7 14. Qe2
Re8 15. Bd6 Nf6 16. Bxe7 Qxe7 17. Nxf6+ Qxf6 18. Qe5 Qe7 19. Re3 b5 20. Bb3 a5
21. a3 Rec8 22. f4 Qc7 23. Rae1 h6 24. g4 c5 25. dxc5 Qxc5 26. f5 exf5 27. gxf5
Bxf5 28. Qxc5 Rxc5 29. Re7 Bg6 30. Rf1 Rf8 31. Rd1 a4 32. Ba2 Rfc8 33. Rdd7
Rg5+ 34. Kf2 Rf5+ 35. Ke3 Rf1 36. Kd2 Rf6 37. Ke3 Rc5 38. Kd4 Rh5 39. Rd8+ Kh7
40. Ree8 Bf5 41. Re5 Rxh2 42. Rb8 Rxb2 43. Rbxb5 Rxa2 44. Rxf5 Rxf5 45. Rxf5
Kg6 46. Re5 Rxa3 47. c4 Kf6 48. Re2 Rb3 49. Rf2+ Ke6 50. Re2+ Kd6 51. c5+ Kc6
52. Kc4 Rf3 53. Rg2 g6 54. Ra2 Rf4+ 55. Kd3 Kxc5 0-1

[Event "IV Festival Magistrale"]
[Site "Robecchetto con Induno ITA"]
[Date "1992.12.??"]
[Round "6"]
[White "Quagliarella, Sabino Remo"]
[Black "Iudicello, Marco"]
[WhiteElo "1868"]
[BlackElo "1995"]
[Result "0-1"]
[PlyCount "82"]
[EventDate "1992.12.26"]

1. e4 c5 2. Nf3 d6 3. d4 cxd4 4. Nxd4 Nf6 5. Nc3 g6 6. Bg5 Bg7 7. Qd2 O-O 8.
Bh6 Bxh6 9. Qxh6 Qb6 10. Qd2 Qxb2 11. Nb3 Qa3 12. f3 Nc6 13. Bb5 Be6 14. O-O
Rac8 15. Bxc6 Rxc6 16. Nb5 Qa4 17. N5d4 Rc4 18. Nxe6 fxe6 19. c3 e5 20. Qe3
Rfc8 21. Rfc1 Qa3 22. Rc2 b5 23. Rac1 b4 24. g4 Qa6 25. Qd3 Qc6 26. Kg2 Rxc3
27. Rxc3 bxc3 28. Rc2 e6 29. Nc1 d5 30. exd5 exd5 31. Ne2 d4 32. Nxd4 exd4 33.
Qxd4 Nd5 34. h4 Qc5 35. Qa4 Ne3+ 36. Kh3 Nxc2 37. Qxc2 Rf8 38. Qb3+ Rf7 39. h5
c2 40. hxg6 hxg6 41. Qe6 Kg7 0-1

[Event "IV Festival Magistrale"]
[Site "Robecchetto con Induno ITA"]
[Date "1992.12.??"]
[Round "7"]
[White "Iudicello, Marco"]
[Black "Barlocco, Carlo"]
[WhiteElo "1995"]
[BlackElo "2340"]
[Result "0-1"]
[PlyCount "132"]
[EventDate "1992.12.26"]

1. e4 d6 2. Nc3 Nf6 3. d3 e5 4. f4 Nc6 5. f5 d5 6. Bg5 Bb4 7. exd5 Qxd5 8. Bxf6
gxf6 9. Qd2 Bxc3 10. Qxc3 Bxf5 11. Be2 Qd4 12. Nf3 Qxc3+ 13. bxc3 Ne7 14. O-O
Bg4 15. Rab1 O-O-O 16. Rb4 Bd7 17. Nd2 Nd5 18. Rb3 b6 19. Bf3 Ne3 20. Rc1 f5
21. Kf2 f4 22. c4 Bg4 23. Be4 f5 24. Bd5 Nxd5 25. cxd5 Rxd5 26. c4 Rd4 27. Nf3
Bxf3 28. gxf3 Rhd8 29. Rcc3 c5 30. a4 R8d6 31. a5 Rh6 32. axb6 axb6 33. Kg2 Rd7
34. Rc2 Rg7+ 35. Kf1 Rhg6 36. Rf2 Rg1+ 37. Ke2 Ra7 38. Rb2 Raa1 39. Kd2 Kc7 40.
Re2 Rgd1+ 41. Kc2 Rac1+ 42. Kb3 Rxd3+ 43. Ka2 Re3 44. Rg2 Rxc4 45. Rg7+ Kc6 46.
Rxh7 Ra4+ 47. Kb1 Re1+ 48. Kc2 Re2+ 49. Kb1 Rxb2+ 50. Kxb2 e4 51. Re7 exf3 52.
Re1 Re4 53. Rf1 Re2+ 54. Kc3 Rxh2 55. Rxf3 Rh4 56. Kb3 b5 57. Ka3 Rg4 58. Kb2
c4 59. Rf2 b4 60. Rc2 Kb5 61. Re2 f3 62. Re5+ Ka4 63. Rxf5 Rg2+ 64. Kc1 f2 65.
Kd1 b3 66. Ke2 b2 0-1